Statistiques concernant Joueurs de Team USA pour les JO 2012

Cliquez ici pour prendre le quiz!

Statistiques générales

  • Ce quiz a été pris 141 fois
  • Le résultat moyen est 8 sur 12

Statistiques - réponses

Franchise lors des JOJoueur% Correct
HeatLebron James
98%
ThunderKevin Durant
94%
LakersKobe Bryant
94%
ThunderRussell Westbrook
91%
KnicksCarmelo Anthony
82%
ThunderJames Harden
78%
ClippersChris Paul
71%
TimberwolvesKevin Love
44%
Kentucky WildcatsAnthony Davis
43%
NetsDeron Williams
34%
KnicksTyson Chandler
32%
76ersAndré Iguodala
30%

Distribution des résultats

Percentile par nombre de réponses

% des personnes avec chaque résultat

Votre développement - résultats

Vous n’avez pas pris ce quiz